|
|
|
|
| LEADER |
00752nta a2200193 i 4500 |
| 001 |
dipl135128 |
| 005 |
20231103135729.0 |
| 008 |
230831s2022 hu om 0|| hun d |
| 040 |
|
|
|a SZTE Diploma Repozitórium
|b hun
|
| 041 |
|
|
|a hun
|
| 100 |
1 |
|
|a Gyivicsán Anett
|
| 245 |
1 |
2 |
|a A "Z" generáció internethasználati szokásai és az internetfüggőség
|h [elektronikus dokumentum] /
|c Anett Gyivicsán
|
| 246 |
1 |
0 |
|a The internet usage habits of the generation "Z" and the internet addiction
|h [elektronikus dokumentum]
|
| 260 |
|
|
|c 2022
|
| 650 |
|
4 |
|a Pedagógusképzés
|
| 650 |
|
4 |
|a Social sciences
|
| 650 |
|
4 |
|a Sociology
|
| 700 |
1 |
|
|a Piczil Márta
|e ths
|
| 856 |
4 |
0 |
|u https://diploma.bibl.u-szeged.hu/id/eprint/135128/1/2022_gyivicsan_anett.pdf
|z Dokumentum-elérés
|